000 01106nam a2200277 i 4500
001 bg
100 1 _aŁUKASIEWICZ, Aleksander
_d(1924- )
245 1 0 _aRola i kształtowanie zieleni miejskiej :
_bskrypt dla studentów ochrony środowiska /
_cAleksander Łukasiewicz, Szymon Łukasiewicz ; Uniwersytet im. Adama Mickiewicza w Poznaniu.
260 _aPoznań :
_bWydawnictwo Naukowe Uniwersytetu im. Adama Mickiewicza,
_c2006.
300 _a127, [1] s. :
_bil. (w tym kolor.) ;
_c24 cm.
504 _aBibliogr. s. 124-[128].
650 9 _aTereny zielone
_xochrona
_zPolska
650 9 _aTereny zielone
_xplanowanie przestrzenne
_zPolska
655 _aPodręczniki akademickie
700 1 _aŁUKASIEWICZ, Szymon
710 0 _aUniwersytet im. Adama Mickiewicza (Poznań)
015 _aPB 16251/2006
020 _a8323216479
040 _cBPK
041 _apol
080 _a712:711.4/.8:502.6](075.8)
920 _a83-232-1647-9
942 _cKS
008 s pl f |000 0 pol
999 _c52341
_d52341
856 _uhttp://koha.tu.koszalin.pl/cgi-bin/koha/opac-detail.pl?biblionumber=52341
_yKatalog online BPK